| 000 | 00717nam a22002297a 4500 | ||
|---|---|---|---|
| 005 | 20180915113303.0 | ||
| 006 | a|||||f|||| 00| 0 | ||
| 007 | tc | ||
| 008 | 180720b xxu||||| |||| 00| 0 eng d | ||
| 010 | _aBR-000960-BR-000963 | ||
| 020 | _c177.00(Per set) | ||
| 035 | _a BR-000960 | ||
| 037 | _bA.I.C.B. | ||
| 082 | _aS | ||
| 100 | _aBlyton, Enid | ||
| 245 |
_aFamous five _cby Enid Blyton |
||
| 260 |
_aDelhi _bA.C.I.B. _cN.D. |
||
| 270 |
_aSector-5, Rohini, _bNew Delhi _e110085 |
||
| 300 |
_a2V.,various pages. _c30cm(HB). |
||
| 942 |
_2ddc _cBRLEN _hS _mBLY |
||
| 999 |
_c156337 _d156337 |
||